Statistiques concernant Culture Générale - Série 1191

Cliquez ici pour prendre le quiz!

Statistiques générales

  • Ce quiz a été pris 36 fois
  • Le résultat moyen est 4 sur 10

Statistiques - réponses

QuestionRéponse% Correct
Dans quel pays se trouve la ville d'Addis-Abeba ?Éthiopie
74%
A quel pays européen se rapporte le mot "Suomi" ?Finlande
69%
Dans quel pays s'est éteint Charlie Chaplin le 25 décembre 1977 ?Suisse
63%
Les Tatras sont une chaîne de montagnes des Carpates à cheval sur la frontière entre la Pologne et la ...Slovaquie
54%
Dans quel pays du Moyen-Orient se trouve la ville de Césarée ?Israel
46%
Dans quel pays se trouve l'aéroport international de Narita ?Japon
43%
Quelle espèce animale est le "jabiru" ?oiseau
37%
Dans quel département français se trouve la ville de Saverne ?Bas-Rhin
23%
Qu'est-ce qu'un banneton ?panier
9%
Sous quel nom connaissait-on mieux l'actrice Claudine Huzé, que l'on a vue dans "la grande vadrouille" et "La menace" ?Marie Dubois
6%

Distribution des résultats

Percentile par nombre de réponses

% des personnes avec chaque résultat

Votre développement - résultats

Vous n’avez pas pris ce quiz